Sports Quiz

Random Sports Quiz

1990-1993 Buffalo Bills TDs Quiz Stats

 Plays Quiz not verified by Sporcle

Challenge
Share
Tweet
Embed
Score 0/37 Timer 07:00
0 Plays Today
Type Player % Correct
PassingJim Kelly
99.4%
RushingThurman Thomas
99.4%
RushingJim Kelly
99.4%
ReceivingThurman Thomas
99.4%
ReceivingAndre Reed
98.8%
PassingFrank Reich
94%
ReceivingJames Lofton
92.2%
RushingDon Smith
91.6%
ReceivingDon Beebe
91%
INT ReturnLeonard Smith
91%
RushingKenneth Davis
85.5%
ReceivingKenneth Davis
85.5%
Special TeamsCornelius Bennett
77.1%
Fumble ReturnCornelius Bennett
77.1%
ReceivingSteve Tasker
73.5%
ReceivingPete Metzelaars
72.9%
ReceivingKeith McKeller
66.9%
INT ReturnDarryl Talley
66.9%
INT ReturnHenry Jones
64.5%
Type Player % Correct
INT ReturnNate Odomes
62.7%
Fumble ReturnNate Odomes
62.7%
RushingJamie Mueller
54.2%
ReceivingJamie Mueller
54.2%
ReceivingBill Brooks
51.8%
PassingGale Gilbert
50.6%
RushingCarwell Gardner
48.2%
ReceivingCarwell Gardner
48.2%
Special TeamsJames Williams
47.6%
ReceivingAl Edwards
42.8%
Special TeamsAl Edwards
42.8%
ReceivingButch Rolle
36.7%
ReceivingMitch Frerotte
21.7%
Special TeamsRussell Copeland
21.1%
INT ReturnMickey Washington
20.5%
ReceivingJohn Fina
12.7%
Fumble ReturnMike Lodish
12.7%
RushingLarry Kinnebrew
10.8%

You're not logged in!

Compare scores with friends on all Sporcle quizzes.
Join for Free
OR
Log In

You Might Also Like...

Show Comments

Extras

Top Quizzes Today


Score Distribution

Your Account Isn't Verified!

In order to create a playlist on Sporcle, you need to verify the email address you used during registration. Go to your Sporcle Settings to finish the process.

Report this User

Report this user for behavior that violates our Community Guidelines.

Details: